00566 2200193 4500001002100000005001500021035002000036007000300056008004100059020001800100082001000118084001600128100002700144245009300171260003400264300003300298600002700331990001400358INLIS00000000000258820250805013158 a0010-0825000089ta250805 g 0 ind  a979-526-184-3 a659.3 a659.3 SIN r0 aSinambela Poltak Lijan1 aReformasi Pelayanan Publik, Teori, Kebijakan, dan Implementasi /cLijan Poltak Sinambela aJakarta :bBumi Aksara,c2006 av, 169 hlm :bilus. ;c23 cm 4aLijan Poltak Sinambela aBUN025861